00455 2200181 4500001002100000005001500021008004100036020002200077035001900099041000700118082001000125090001600135100002000151245002800171260003300199300002400232650001700256INLIS00000000001080720241224114051241224||||||||| | ||| |||| || |  a978-602-7811-22-5 0010-1224010807 aid0 a604.2 a604.2 HER m0 aHeru Triamiyono00aMenggambar Teknik Mesin aYogyakartabDeepublishc2014 aviii,79 hlm.; 20 cm 0ateknik mesin